[Event "Krakow op-B"]
[Site "Krakow"]
[Date "2022.06.27"]
[Round "4"]
[White "Stemmler, Fabian"]
[Black "Skomial, Mateusz"]
[Result "0-1"]
[WhiteElo "2054"]
[BlackElo "2063"]
[PlyCount "86"]
[EventDate "2022.06.25"]
[EventType "swiss"]
[EventRounds "9"]
[EventCountry "POL"]
[SourceTitle "EXT 2023"]
[Source "ChessBase"]
[SourceDate "2022.10.05"]
[SourceVersion "1"]
[SourceVersionDate "2022.10.05"]
[SourceQuality "1"]

1. e4 e5 2. f4 d5 3. exd5 exf4 4. Nf3 Bg4 5. Nc3 Nf6 6. d4 Nxd5 7. Nxd5 Qxd5 8. Bxf4 Bd6 9. Bxd6 Qxd6 10. Qe2+ Be6 11. 0-0-0 0-0 12. Qe5 Rd8 13. Qxd6 Rxd6 14. Ng5 Bd5 15. c4 h6 16. Nf3 Bxf3 17. gxf3 Nc6 18. d5 Rad8 19. f4 Ne7 20. Bg2 Rf6 21. Rhe1 Ng6 22. f5 Rxf5 23. Be4 Rf4 24. Bxg6 fxg6 25. b3 Kf7 26. Re2 Re8 27. Rde1 Rxe2 28. Rxe2 g5 29. Kd2 Rf3 30. Re3 Rf2+ 31. Re2 Rxe2+ 32. Kxe2 Kf6 33. Ke3 Ke5 34. Kf3 Kd4 35. Kg4 g6 36. h3 b5 37. d6 cxd6 38. cxb5 Kc5 39. a4 d5 40. Kf3 h5 41. Kg3 d4 42. Kf3 g4+ 43. hxg4 h4 0-1

[Event "POL-chT 1st League"]
[Site "Szklarska Poreba"]
[Date "2021.09.08"]
[Round "5.8"]
[White "Czerw, Dawid"]
[Black "Skomial, Mateusz"]
[Result "1-0"]
[WhiteElo "2413"]
[BlackElo "2062"]
[PlyCount "93"]
[EventDate "2021.09.04"]
[EventType "team-swiss"]
[EventRounds "9"]
[EventCountry "POL"]
[SourceTitle "CBM 204 Extra"]
[Source "ChessBase"]
[SourceDate "2021.11.30"]
[SourceVersion "1"]
[SourceVersionDate "2021.11.30"]
[SourceQuality "1"]
[WhiteTeam "Jastrzebie Zdroj Pionier"]
[BlackTeam "Krakow Gens Una Sumus"]
[WhiteTeamCountry "POL"]
[BlackTeamCountry "POL"]

1. d4 d5 2. c4 e6 3. Nf3 Nf6 4. g3 Be7 5. Bg2 0-0 6. Nc3 Nbd7 7. 0-0 dxc4 8. a4 c5 9. e4 cxd4 10. Qxd4 Nc5 11. Qxc4 b6 12. Rd1 Ba6 13. Qa2 Qc8 14. e5 Nfe4 15. Nxe4 Nxe4 16. Be3 Bc4 17. Qb1 Bd5 18. Ne1 Qb7 19. Rd4 Nc5 20. Bxd5 exd5 21. Qa2 Rad8 22. Rad1 Na6 23. Qb3 Nc7 24. R4d2 Rd7 25. Ng2 Rfd8 26. Nf4 h6 27. h4 Bf8 28. a5 b5 29. Bd4 Ne6 30. Nxe6 fxe6 31. Rc2 Qa6 32. Qc3 Rb8 33. Qc6 Qxc6 34. Rxc6 Kf7 35. Rdc1 Bb4 36. Ra6 Rbb7 37. Rcc6 Rdc7 38. Rxc7+ Rxc7 39. Bxa7 Rc1+ 40. Kg2 Ra1 41. Bb6 d4 42. Ra7+ Kg6 43. Rd7 Kf5 44. Kf3 d3 45. h5 Bxa5 46. g4+ Kg5 47. Bxa5 1-0

[Event "POL-chT 2nd League"]
[Site "Poronin"]
[Date "2020.09.08"]
[Round "4.6"]
[White "Dylag, Emilia"]
[Black "Skomial, Mateusz"]
[Result "1-0"]
[WhiteElo "2107"]
[BlackElo "2053"]
[PlyCount "87"]
[EventDate "2020.09.05"]
[EventType "team-swiss"]
[EventRounds "9"]
[EventCountry "POL"]
[SourceTitle "CBM 198 Extra"]
[Source "ChessBase"]
[SourceDate "2020.11.30"]
[SourceVersion "1"]
[SourceVersionDate "2020.11.30"]
[SourceQuality "1"]
[WhiteTeam "Krakow Klub Szachistow"]
[BlackTeam "Krakow Dwie Wieze"]
[WhiteTeamCountry "POL"]
[BlackTeamCountry "POL"]

1. d4 d5 2. c4 e6 3. Nc3 Nf6 4. cxd5 exd5 5. Bg5 c6 6. e3 Be7 7. Bd3 Nbd7 8. Qc2 0-0 9. Nf3 Re8 10. 0-0 Nf8 11. Rae1 Be6 12. Ne5 N6d7 13. Bxe7 Rxe7 14. f4 f6 15. Nf3 Qa5 16. f5 Bf7 17. g4 Rae8 18. Qf2 b5 19. Bb1 b4 20. Nd1 c5 21. h4 Qc7 22. Qh2 Qb6 23. Qg3 Kh8 24. Kh1 Nb8 25. g5 cxd4 26. Nxd4 Bh5 27. Nf2 Qc7 28. Qxc7 Rxc7 29. Nd3 Rce7 30. gxf6 Rxe3 31. fxg7+ Kxg7 32. Ne6+ R8xe6 33. fxe6 Rxe6 34. Rxe6 Nxe6 35. Nxb4 d4 36. Re1 Bf7 37. Nd3 Nc6 38. Ne5 Nxe5 39. Rxe5 Nf4 40. Rg5+ Kf8 41. Rf5 Ng6 42. h5 Ne7 43. Rf4 Kg7 44. h6+ 1-0

[Event "POL-chT 2nd League"]
[Site "Poronin"]
[Date "2020.09.05"]
[Round "1.5"]
[White "Skomial, Mateusz"]
[Black "Wojdak, Jan"]
[Result "1-0"]
[WhiteElo "2053"]
[BlackElo "1814"]
[PlyCount "106"]
[EventDate "2020.09.05"]
[EventType "team-swiss"]
[EventRounds "9"]
[EventCountry "POL"]
[SourceTitle "CBM 198 Extra"]
[Source "ChessBase"]
[SourceDate "2020.11.30"]
[SourceVersion "1"]
[SourceVersionDate "2020.11.30"]
[SourceQuality "1"]
[WhiteTeam "Krakow Dwie Wieze"]
[BlackTeam "Chrobry Gniezno"]
[WhiteTeamCountry "POL"]
[BlackTeamCountry "POL"]

1. e4 c5 2. Nf3 Nc6 3. b3 d6 4. Bb2 e5 5. Bc4 Be7 6. Nc3 Nf6 7. Qe2 0-0 8. h3 a6 9. a4 Nd4 10. Nxd4 cxd4 11. Nd5 Nxd5 12. Bxd5 Kh8 13. 0-0 Rb8 14. c3 dxc3 15. dxc3 f5 16. exf5 Bxf5 17. Rad1 Qe8 18. Be4 Be6 19. c4 Qf7 20. a5 Rfd8 21. Qd3 Qh5 22. f4 Rf8 23. Bf3 Qh4 24. fxe5 dxe5 25. Bxe5 Bxh3 26. Qd4 Qg5 27. Bxg7+ Qxg7 28. Qxg7+ Kxg7 29. gxh3 b6 30. axb6 Rxb6 31. Rb1 Rfb8 32. Bd5 Bc5+ 33. Kg2 Rxb3 34. Rf7+ Kg6 35. Rbf1 Rb2+ 36. Kg3 Rg8 37. Kh4 Kh6 38. Be4 Rg6 39. R1f5 Bf2+ 40. Rxf2 Rxf2 41. Rxf2 Re6 42. Bd5 Re5 43. Rf6+ Kg7 44. Rxa6 Rf5 45. Kg4 Rf1 46. c5 h5+ 47. Kg3 Rf5 48. Rd6 Re5 49. Kf4 Re1 50. Bc4 Rc1 51. Rd4 Kf6 52. c6 h4 53. c7 Re1 1-0

[Event "Krakow op-B 29th"]
[Site "Krakow"]
[Date "2018.12.28"]
[Round "2"]
[White "Skomial, Mateusz"]
[Black "Manko, Mariya"]
[Result "1-0"]
[WhiteElo "2050"]
[BlackElo "1814"]
[PlyCount "51"]
[EventDate "2018.12.27"]
[EventType "swiss"]
[EventRounds "9"]
[EventCountry "POL"]
[SourceTitle "CBM 189 Extra"]
[Source "ChessBase"]
[SourceDate "2019.06.03"]
[SourceVersion "1"]
[SourceVersionDate "2019.06.03"]
[SourceQuality "1"]

1. e4 d5 2. exd5 Qxd5 3. d4 Nf6 4. Nc3 Qd8 5. h3 c6 6. Nf3 Bf5 7. Bc4 e6 8. Nh4 Bxc2 9. Qxc2 Qxd4 10. Qb3 Qxh4 11. Qxb7 Qxc4 12. Qc8+ Ke7 13. Qb7+ Nbd7 14. Qxa8 Nc5 15. Ne2 Qc2 16. 0-0 Qxe2 17. Qxa7+ Ncd7 18. Bg5 Qb5 19. Bxf6+ gxf6 20. Rfd1 c5 21. Qc7 Bh6 22. a4 Qxb2 23. Rxd7+ Kf8 24. Rxf7+ Kg8 25. Rd1 Bf8 26. Rxf8+ 1-0

[Event "Krakow op-B 28th"]
[Site "Krakow"]
[Date "2017.12.27"]
[Round "1"]
[White "Koloczek, Maciej"]
[Black "Skomial, Mateusz"]
[Result "0-1"]
[WhiteElo "1882"]
[BlackElo "2043"]
[PlyCount "66"]
[EventDate "2017.12.27"]
[EventType "swiss"]
[EventRounds "9"]
[EventCountry "POL"]
[SourceTitle "CBM 182 Extra"]
[Source "ChessBase"]
[SourceDate "2018.02.23"]
[SourceVersion "1"]
[SourceVersionDate "2018.02.23"]
[SourceQuality "1"]

1. e4 e5 2. Nf3 Nf6 3. d4 Nxe4 4. Bd3 d5 5. Nxe5 Nc6 6. Nxc6 bxc6 7. Bf4 Qf6 8. Bxe4 Qxf4 9. Bf3 Bd6 10. g3 Qf6 11. 0-0 0-0 12. Re1 Rb8 13. b3 Bf5 14. c3 Rfe8 15. Nd2 Ba3 16. Rxe8+ Rxe8 17. Nf1 Bb2 18. Ne3 Bxa1 19. Qxa1 Be4 20. Bg2 Bxg2 21. Kxg2 Qg6 22. Qd1 Qe4+ 23. Qf3 a5 24. a3 f6 25. c4 Qxf3+ 26. Kxf3 Rb8 27. b4 axb4 28. axb4 dxc4 29. d5 Rxb4 30. dxc6 c3 31. Ke2 Rd4 32. h4 g6 33. f3 Rd6 0-1

[Event "POL-chT 2nd League"]
[Site "Jastrzebia Gora"]
[Date "2015.09.09"]
[Round "5.92"]
[White "Pinkas, Karol"]
[Black "Skomial, Mateusz"]
[Result "1-0"]
[WhiteElo "2227"]
[BlackElo "2025"]
[PlyCount "145"]
[EventDate "2015.09.05"]
[EventType "team-swiss"]
[EventRounds "9"]
[EventCountry "POL"]
[SourceTitle "EXT 2017"]
[Source "ChessBase"]
[SourceDate "2016.10.25"]
[SourceVersion "1"]
[SourceVersionDate "2016.10.25"]
[SourceQuality "1"]
[WhiteTeam "Jaworzno JKSz MCKiS"]
[BlackTeam "Stara Wies Parnas"]
[WhiteTeamCountry "POL"]
[BlackTeamCountry "POL"]

1. e4 e5 2. Nc3 Nc6 3. f4 d6 4. Bb5 a6 5. Bxc6+ bxc6 6. Nf3 exf4 7. 0-0 Ne7 8. d4 Ng6 9. d5 c5 10. Ne2 Be7 11. Nxf4 0-0 12. c4 Rb8 13. b3 Bf6 14. Rb1 Ne5 15. Nh5 Nxf3+ 16. Qxf3 Bd4+ 17. Be3 Be5 18. Bf4 Bd4+ 19. Kh1 Qh4 20. Bg3 Qe7 21. Bf2 Be5 22. Ng3 g6 23. Be3 Bg7 24. Bf4 Bd7 25. Rbe1 Rbe8 26. Qe3 f6 27. Qd2 h5 28. Bh6 Kh7 29. Bxg7 Kxg7 30. Qf4 Qe5 31. Qh4 Rf7 32. Rf2 Rh8 33. Qf4 Qxf4 34. Rxf4 h4 35. Nf1 g5 36. Rf2 Re7 37. Nd2 h3 38. g3 f5 39. Rfe2 Rhe8 40. Kg1 fxe4 41. Rxe4 Rxe4 42. Rxe4 Kf6 43. Rxe8 Bxe8 44. Kf2 Kf5 45. Ke3 Bh5 46. Ne4 Bf7 47. Nf2 g4 48. Nd3 a5 49. Nf4 Ke5 50. Kd3 Be8 51. Ke3 c6 52. Nd3+ Kf5 53. dxc6 Bxc6 54. Nb2 Bf3 55. Na4 Ke5 56. Nc3 Bc6 57. Ne2 Bd7 58. Nc3 Bf5 59. Nd1 Be6 60. Nf2 Bd7 61. Nd3+ Kf5 62. a3 Bc6 63. b4 cxb4 64. axb4 a4 65. b5 Be4 66. Nb4 Bb7 67. Kd4 Ke6 68. Kc3 Ke5 69. Nd3+ Ke4 70. c5 d5 71. c6 Ba8 72. c7 d4+ 73. Kd2 1-0

[Event "POL-chT 2nd League"]
[Site "Jastrzebia Gora"]
[Date "2015.09.08"]
[Round "4.86"]
[White "Skomial, Mateusz"]
[Black "Szadkowski, Kamil"]
[Result "0-1"]
[WhiteElo "2025"]
[BlackElo "2216"]
[PlyCount "65"]
[EventDate "2015.09.05"]
[EventType "team-swiss"]
[EventRounds "9"]
[EventCountry "POL"]
[SourceTitle "EXT 2017"]
[Source "ChessBase"]
[SourceDate "2016.10.25"]
[SourceVersion "1"]
[SourceVersionDate "2016.10.25"]
[SourceQuality "1"]
[WhiteTeam "Stara Wies Parnas"]
[BlackTeam "Konin UKS Smecz"]
[WhiteTeamCountry "POL"]
[BlackTeamCountry "POL"]

1. e4 c5 2. c4 Nc6 3. Nf3 e5 4. Nc3 g6 5. d3 Bg7 6. Be2 Nge7 7. Be3 d6 8. Qd2 Nd4 9. Nd5 0-0 10. 0-0 Bd7 11. Rab1 a5 12. b3 b5 13. Ne1 Nxd5 14. cxd5 f5 15. f3 b4 16. Kh1 Nb5 17. Nc2 a4 18. Bg5 Qe8 19. Ne3 h6 20. Bh4 g5 21. Bf2 Nc3 22. Rbc1 Qg6 23. Bd1 axb3 24. Bxb3 g4 25. Be1 gxf3 26. gxf3 fxe4 27. fxe4 Rxf1+ 28. Nxf1 Rf8 29. Ng3 Bg4 30. h4 Bf3+ 31. Kh2 Qg4 32. Nf1 Ne2 33. Bg3 0-1

[Event "POL-chT 2nd League"]
[Site "Jastrzebia Gora"]
[Date "2015.09.06"]
[Round "2.98"]
[White "Fudalej, Michal"]
[Black "Skomial, Mateusz"]
[Result "1-0"]
[WhiteElo "2215"]
[BlackElo "2025"]
[PlyCount "148"]
[EventDate "2015.09.05"]
[EventType "team-swiss"]
[EventRounds "9"]
[EventCountry "POL"]
[SourceTitle "EXT 2017"]
[Source "ChessBase"]
[SourceDate "2016.10.25"]
[SourceVersion "1"]
[SourceVersionDate "2016.10.25"]
[SourceQuality "1"]
[WhiteTeam "Mikolow AKS"]
[BlackTeam "Stara Wies Parnas"]
[WhiteTeamCountry "POL"]
[BlackTeamCountry "POL"]

1. Nf3 d5 2. g3 e6 3. Bg2 c5 4. c4 Nf6 5. b3 Nc6 6. Bb2 Be7 7. cxd5 exd5 8. d4 b6 9. 0-0 0-0 10. Nc3 Bb7 11. dxc5 Bxc5 12. Nb5 Ne4 13. a3 Re8 14. b4 Be7 15. Qb3 Qd7 16. Rfd1 Rad8 17. Rac1 a6 18. Nc3 Nxc3 19. Bxc3 Qe6 20. e3 Rd7 21. Rc2 Na7 22. Ne5 Rc7 23. Rcd2 Bf6 24. Bxd5 Bxd5 25. Rxd5 h6 26. Bb2 Bxe5 27. Bxe5 Rd7 28. Bb2 Red8 29. Qc3 f6 30. Rxd7 Rxd7 31. Rxd7 Qxd7 32. Qc4+ Kh7 33. Qxa6 Nb5 34. Bd4 Nxd4 35. Qd3+ Qf5 36. Qxd4 b5 37. Kg2 Qc2 38. e4 Qe2 39. Qd5 h5 40. h3 Kh6 41. Qf5 g6 42. Qxf6 Qxe4+ 43. Qf3 Qc2 44. Qe3+ Kh7 45. Qe8 Qc4 46. Qd7+ Kh6 47. Kf3 Qc3+ 48. Ke2 Qe5+ 49. Kf3 Qc3+ 50. Kg2 Qc4 51. Qd2+ Kh7 52. h4 Qc6+ 53. Kh2 Qf3 54. Qe3 Qf7 55. Kg1 Qd7 56. Qe4 Qd1+ 57. Kg2 Qd7 58. g4 Qd1 59. Qf3 Qd8 60. Qf7+ Kh8 61. Qxg6 Qd5+ 62. Kg3 Qe5+ 63. Kf3 Qd5+ 64. Kf4 Qd4+ 65. Kf5 Qxf2+ 66. Kg5 hxg4 67. Kxg4 Qg2+ 68. Kf5 Qd5+ 69. Kf4 Qd2+ 70. Ke5 Qe3+ 71. Qe4 Qxa3 72. Kd6 Qc1 73. Qe5+ Kh7 74. Qh5+ Kg7 1-0

[Event "POL-chT 2nd League"]
[Site "Jastrzebia Gora"]
[Date "2015.09.05"]
[Round "1.92"]
[White "Skomial, Mateusz"]
[Black "Zgadzaj, Rafal"]
[Result "0-1"]
[WhiteElo "2025"]
[BlackElo "2115"]
[PlyCount "98"]
[EventDate "2015.09.05"]
[EventType "team-swiss"]
[EventRounds "9"]
[EventCountry "POL"]
[SourceTitle "EXT 2017"]
[Source "ChessBase"]
[SourceDate "2016.10.25"]
[SourceVersion "1"]
[SourceVersionDate "2016.10.25"]
[SourceQuality "1"]
[WhiteTeam "Stara Wies Parnas"]
[BlackTeam "Chroscice LZS Victoria"]
[WhiteTeamCountry "POL"]
[BlackTeamCountry "POL"]

1. e4 d6 2. d4 g6 3. Nf3 Nf6 4. Bd3 Bg7 5. h3 0-0 6. 0-0 c6 7. c3 Qc7 8. Re1 e5 9. Na3 a6 10. Nc2 Re8 11. b3 b5 12. a4 Bb7 13. Nh2 Nbd7 14. Ng4 d5 15. Nxf6+ Nxf6 16. exd5 Nxd5 17. Bd2 exd4 18. cxd4 Nf4 19. Bf1 Ne6 20. Qg4 h5 21. Qh4 Qd8 22. Qxd8 Rexd8 23. Ba5 Rd5 24. Bb6 Nxd4 25. Nxd4 Bxd4 26. Bxd4 Rxd4 27. Re7 Rb8 28. Rc7 Ba8 29. a5 Rb4 30. Rb1 Kf8 31. Be2 Re4 32. Bf3 Re7 33. Rxe7 Kxe7 34. b4 c5 35. Re1+ Kd6 36. Rd1+ Ke5 37. Bxa8 Rxa8 38. bxc5 Rc8 39. Rd6 Rxc5 40. Rxa6 Kd4 41. Rb6 Kc3 42. a6 b4 43. a7 Ra5 44. Rb7 b3 45. Rc7+ Kd2 46. Rxf7 b2 47. Rb7 Kc2 48. Rc7+ Kb3 49. Kh2 b1Q 0-1

[Event "POL-chT 2nd League"]
[Site "Szczyrk"]
[Date "2014.09.10"]
[Round "5.55"]
[White "Licznerski, Lukasz"]
[Black "Skomial, Mateusz"]
[Result "1-0"]
[WhiteElo "2360"]
[BlackElo "2019"]
[PlyCount "55"]
[EventDate "2014.09.06"]
[EventType "team-swiss"]
[EventRounds "9"]
[EventCountry "POL"]
[SourceTitle "EXT 2015"]
[Source "ChessBase"]
[SourceDate "2014.11.20"]
[SourceVersion "1"]
[SourceVersionDate "2014.11.20"]
[SourceQuality "1"]
[WhiteTeam "Bydgoszcz Chemik"]
[BlackTeam "Stara Wies Parnas"]
[WhiteTeamCountry "POL"]
[BlackTeamCountry "POL"]

1. d4 d5 2. c4 e6 3. Nc3 Nf6 4. cxd5 exd5 5. Bg5 c6 6. e3 Bd6 7. Bd3 0-0 8. Qc2 h6 9. Bh4 a5 10. Nf3 Re8 11. Rg1 Na6 12. a3 b5 13. Ne2 Bd7 14. g4 g5 15. Bg3 Bxg3 16. Nxg3 Nxg4 17. Nf5 Bxf5 18. Bxf5 Nf6 19. Qxc6 Nc7 20. h4 Ra6 21. Qc2 Ne4 22. hxg5 hxg5 23. Bxe4 Rxe4 24. Rxg5+ Kf8 25. Rc1 Ne6 26. Rh5 Ke7 27. Kf1 Ra8 28. Qc6 1-0

[Event "POL-chT 2nd League"]
[Site "Szczyrk"]
[Date "2014.09.08"]
[Round "3.61"]
[White "Steczek, Marcin"]
[Black "Skomial, Mateusz"]
[Result "1-0"]
[WhiteElo "2363"]
[BlackElo "2019"]
[PlyCount "119"]
[EventDate "2014.09.06"]
[EventType "team-swiss"]
[EventRounds "9"]
[EventCountry "POL"]
[SourceTitle "EXT 2015"]
[Source "ChessBase"]
[SourceDate "2014.11.20"]
[SourceVersion "1"]
[SourceVersionDate "2014.11.20"]
[SourceQuality "1"]
[WhiteTeam "Konin Hetman"]
[BlackTeam "Stara Wies Parnas"]
[WhiteTeamCountry "POL"]
[BlackTeamCountry "POL"]

1. d4 d5 2. Nf3 Nf6 3. Bf4 e6 4. e3 Be7 5. Be2 Nbd7 6. h3 0-0 7. 0-0 b6 8. a4 Bb7 9. Nbd2 c5 10. c3 Re8 11. Bh2 a6 12. Qb1 Rc8 13. Bd3 g6 14. Ne1 Nh5 15. g4 Ng7 16. f4 f5 17. g5 cxd4 18. exd4 Rf8 19. Qd1 Bd6 20. Qe2 Nb8 21. Ng2 Kf7 22. Nf3 Qc7 23. Rfe1 Rfe8 24. Qf1 Re7 25. Re3 Qd7 26. Be2 a5 27. Nge1 Qc7 28. Nd3 Nd7 29. h4 Kg8 30. Nfe5 Ba6 31. Rh3 Bxe5 32. fxe5 Bxd3 33. Rxd3 Nf8 34. Bf4 Qc6 35. Rh3 Rcc7 36. Bc1 Qe8 37. b3 Qa8 38. Ba3 Rf7 39. Rc1 Rcd7 40. Bf3 Qd8 41. Kf2 f4 42. Bg4 Nf5 43. Bxf5 Rxf5 44. Qb5 Rb7 45. Qc6 Qd7 46. Qxd7 Nxd7 47. c4 dxc4 48. bxc4 Nb8 49. Rb3 Nc6 50. Rd1 Rff7 51. Kf3 Rfd7 52. Bd6 Ne7 53. Rdb1 Nf5 54. Rxb6 Rxb6 55. Rxb6 Rf7 56. d5 Nd4+ 57. Kf2 f3 58. Bc5 Rf4 59. Bxd4 Rxd4 60. d6 1-0

[Event "POL-chT3 Podkarpackie"]
[Site "Pstragowa"]
[Date "2014.05.03"]
[Round "6.16"]
[White "Nowakowski, Jacek"]
[Black "Skomial, Mateusz"]
[Result "0-1"]
[WhiteElo "1644"]
[BlackElo "2020"]
[PlyCount "50"]
[EventDate "2014.04.30"]
[EventType "team-tourn"]
[EventRounds "9"]
[EventCountry "POL"]
[SourceTitle "EXT 2015"]
[Source "ChessBase"]
[SourceDate "2014.11.20"]
[SourceVersion "1"]
[SourceVersionDate "2014.11.20"]
[SourceQuality "1"]
[WhiteTeam "Rzeszow"]
[BlackTeam "Stara Wies Parnas"]
[WhiteTeamCountry "POL"]
[BlackTeamCountry "POL"]

1. d4 d5 2. Bg5 Nf6 3. Bxf6 gxf6 4. c4 c6 5. Qb3 dxc4 6. Qxc4 e5 7. Nf3 Be6 8. Qd3 Na6 9. a3 Qa5+ 10. Nbd2 exd4 11. Qxd4 Rd8 12. Qxa7 Bb4 13. Rd1 0-0 14. Qe3 Bc5 15. Qf4 Qb6 16. Qg3+ Kh8 17. b4 Be7 18. e4 c5 19. Qf4 cxb4 20. Bxa6 Qxa6 21. axb4 Rg8 22. g3 Rg4 23. Qc7 Qd3 24. Qxb7 Bc4 25. Ng1 Bxb4 0-1

[Event "POL-chT3 Podkarpackie"]
[Site "Pstragowa"]
[Date "2014.05.03"]
[Round "7.22"]
[White "Skomial, Mateusz"]
[Black "Wasik, Roman"]
[Result "1-0"]
[WhiteElo "2020"]
[BlackElo "1559"]
[PlyCount "66"]
[EventDate "2014.04.30"]
[EventType "team-tourn"]
[EventRounds "9"]
[EventCountry "POL"]
[SourceTitle "EXT 2015"]
[Source "ChessBase"]
[SourceDate "2014.11.20"]
[SourceVersion "1"]
[SourceVersionDate "2014.11.20"]
[SourceQuality "1"]
[WhiteTeam "Stara Wies Parnas"]
[BlackTeam "Rzeszow II"]
[WhiteTeamCountry "POL"]
[BlackTeamCountry "POL"]

1. e4 c5 2. Nf3 d6 3. c4 Nc6 4. d4 cxd4 5. Nxd4 Nf6 6. Nc3 g6 7. Be2 Bg7 8. Be3 a6 9. 0-0 0-0 10. Rc1 Ng4 11. Bxg4 Bxg4 12. Nxc6 Bxd1 13. Nxd8 Bg4 14. Nxb7 Rab8 15. Na5 Rxb2 16. Nc6 Re8 17. Nd4 Rb4 18. Nd5 Ra4 19. f3 Bd7 20. Nb6 Ra3 21. Nb3 Be6 22. Rc2 a5 23. Bf2 Rb8 24. Nd5 Kf8 25. Nd4 Bd7 26. Nb5 Rd3 27. Nf4 Bxb5 28. Nxd3 Rc8 29. Rb1 Bxc4 30. Rcc1 Bh6 31. Rc3 Bd2 32. Rbc1 Bxc3 33. Rxc3 Ba6 1-0

[Event "POL-chT3 Podkarpackie"]
[Site "Pstragowa"]
[Date "2014.04.30"]
[Round "1.4"]
[White "Zaskalski, Pawel"]
[Black "Skomial, Mateusz"]
[Result "1/2-1/2"]
[WhiteElo "2153"]
[BlackElo "2020"]
[PlyCount "63"]
[EventDate "2014.04.30"]
[EventType "team-tourn"]
[EventRounds "9"]
[EventCountry "POL"]
[SourceTitle "EXT 2015"]
[Source "ChessBase"]
[SourceDate "2014.11.20"]
[SourceVersion "1"]
[SourceVersionDate "2014.11.20"]
[SourceQuality "1"]
[WhiteTeam "Mielec"]
[BlackTeam "Stara Wies Parnas"]
[WhiteTeamCountry "POL"]
[BlackTeamCountry "POL"]

1. d4 d5 2. c4 e6 3. Nc3 Nf6 4. cxd5 exd5 5. Bg5 Be7 6. Qc2 0-0 7. e3 Be6 8. Bd3 h6 9. Bh4 Re8 10. Nge2 c6 11. 0-0 Nh5 12. Bxe7 Qxe7 13. f3 c5 14. Qd2 Nc6 15. dxc5 Qxc5 16. Nb5 Qe7 17. Rfe1 a6 18. Nbd4 Bd7 19. Bf5 Bxf5 20. Nxf5 Qg5 21. Nfg3 Nxg3 22. Nxg3 Rad8 23. f4 Qf6 24. Rad1 g6 25. a3 Re7 26. h3 h5 27. Ne2 d4 28. Nxd4 Nxd4 29. exd4 Rxe1+ 30. Qxe1 Rxd4 31. Rxd4 Qxd4+ 32. Qf2 1/2-1/2

[Event "Rewal op-B 18th"]
[Site "Rewal"]
[Date "2013.08.22"]
[Round "3"]
[White "Skomial, Mateusz"]
[Black "Powalka, Michal"]
[Result "0-1"]
[WhiteElo "2014"]
[BlackElo "1768"]
[PlyCount "92"]
[EventDate "2013.08.20"]
[EventType "swiss"]
[EventRounds "9"]
[EventCountry "POL"]
[SourceTitle "CBM 156 Extra"]
[Source "ChessBase"]
[SourceDate "2013.10.22"]
[SourceVersion "1"]
[SourceVersionDate "2013.10.22"]
[SourceQuality "1"]

1. e4 e5 2. Nf3 Nc6 3. Bb5 a6 4. Ba4 Nf6 5. 0-0 Be7 6. Re1 b5 7. Bb3 0-0 8. c3 d6 9. d3 Na5 10. Bc2 c5 11. Nbd2 Qc7 12. Nf1 Re8 13. Bg5 h6 14. Bh4 Be6 15. Ne3 Rad8 16. Qd2 Nc6 17. Bb3 Na5 18. Bc2 Nc6 19. Qe2 d5 20. Bxf6 Bxf6 21. exd5 Bxd5 22. Nxd5 Rxd5 23. Nd2 Rdd8 24. Ne4 Be7 25. Qh5 Bf8 26. Re3 Ne7 27. Bb3 c4 28. dxc4 bxc4 29. Ba4 Nc6 30. Rg3 Re6 31. Bc2 Ne7 32. Ng5 Rf6 33. Nh7 Rb6 34. Qg4 g6 35. Nxf8 Kxf8 36. b4 Rd2 37. Rc1 Rbd6 38. h4 Nd5 39. Qe4 Nf4 40. Re3 R6d5 41. Rce1 Qe7 42. Qf3 Qxh4 43. Be4 Rd6 44. g3 Qg5 45. Kf1 Nh3 46. R3e2 Rxe2 0-1

[Event "Rewal op-B 18th"]
[Site "Rewal"]
[Date "2013.08.21"]
[Round "2"]
[White "Buraczewski, Rafal"]
[Black "Skomial, Mateusz"]
[Result "0-1"]
[WhiteElo "1803"]
[BlackElo "2014"]
[PlyCount "112"]
[EventDate "2013.08.20"]
[EventType "swiss"]
[EventRounds "9"]
[EventCountry "POL"]
[SourceTitle "CBM 156 Extra"]
[Source "ChessBase"]
[SourceDate "2013.10.22"]
[SourceVersion "1"]
[SourceVersionDate "2013.10.22"]
[SourceQuality "1"]

1. d4 d5 2. Nf3 Nf6 3. c4 e6 4. Nc3 c6 5. Bg5 Be7 6. e3 0-0 7. Bd3 Nbd7 8. 0-0 b6 9. e4 dxe4 10. Nxe4 Bb7 11. Qc2 h6 12. Nxf6+ Nxf6 13. Bh4 c5 14. dxc5 Bxc5 15. Rad1 Qe7 16. a3 a5 17. Nd2 Rac8 18. Ne4 g5 19. Bg3 Nxe4 20. Bxe4 Ba6 21. Bh7+ Kh8 22. Bd3 Rfd8 23. Qa4 Bd4 24. b4 f5 25. h4 f4 26. Bh2 Bxc4 27. Bxc4 Rxc4 28. Qb5 Rc2 29. Kh1 Rd5 30. Qd3 Qh7 31. Qf3 Qf5 32. hxg5 hxg5 33. Qh5+ Kg7 34. Rc1 Bf6 35. Qe8 Rd8 36. Qa4 Rxc1 37. Rxc1 f3 38. Qc6 fxg2+ 39. Qxg2 Rh8 40. Kg1 axb4 41. axb4 Rh4 42. Bg3 Rxb4 43. Qb7+ Kg6 44. Qd7 Rb1 45. Qe8+ Kh6 46. Rxb1 Qxb1+ 47. Kh2 Qf5 48. Qf8+ Bg7 49. Qb4 b5 50. f4 g4 51. Qe7 Qh5+ 52. Bh4 Qg6 53. Kg3 Kh5 54. Qc5+ Qf5 55. Qe3 Qd5 56. Be7 Bd4 0-1